000 00735nam a2200169 4500
001 111895
003 ES-MaACL
005 20230906185400.0
007 t|
008 061121s1913 it r ||||1| ita d
100 1 _aNavarrini, Umberto.
_985050
245 1 0 _aTrattato teories-praties di diritto commerciale /
_cUmberto Navarrini.
260 _aTorino :
_bVincenos Bones,
_c1913-1919.
300 _a5 v. ;
_c24 cm.
505 8 _aContiene: T. I. Introduziones. Parte prima.T. II. Parte seconda Diritto delle obliazioni. T. III. Diritto delle obligazioni (continua). T. IV. Diritto delle persone y commercienti. T. V. Diritto delle persone y commercianti e le finele del rapporto giuridico commerciale
852 _aES-MaACL
_j1982-F-86
999 _c111895
_d111895